000 00669nam a22002057a 4500
005 20251108165803.0
008 250721s1982 xx 000 0 ara d
082 1 4 _aط/535/بول
100 1 _aبول، دورثي
_eمؤلف
245 1 0 _aعلم الضوء (مبادئ و تجارب ميسرة) /
264 1 _aبيروت :
_bمكتبة لبنان،
_c1982.
300 _a51ص : مص
490 0 _aسلسلة العلوم للناشئين
650 1 7 _aالضوء
653 _aناشؤون كبار (15-18) سنه
700 1 _aالخطيب، أحمد شفيق
_eترجمة
700 1 _aبالمر، داود
_eرسام
942 _2ddc
_cBK
999 _c31303
_d31303